1123 1007 1274 1684 1943 1263 1446 1400 1122 1452 1597 1627 1779 1461 1018 1784 1864 1707 1443 1973 1466 1218 1280 1370 1400 1002 1098 1814 1149 1670 1895 1311 1244 1897 1409 1072 1104 1787 1910 1788 1980 1305 1419 1954 1395 1738 1077 1048 1066 1009 1814 1350 1373 1303 1294 1591 1881 1350 1016 1870 1928 1701 1656 1327 1695 1197 1418 1427 1684 1073 1821 1251 1561 1001 1906 1989 1478 1839 1439 1856 1502 1642 1600 1711 1800 1260 1447 1322 1113 1585 1194 1853 1263 1807 1857 1836 1716 1277 1547 BCNSPRNW ULIB Ver.6.0+V

เปลี่ยนเป็นภาษาไทย

Change to English
 แสดงรายละเอียดบรรณานุกรม
  กลับหน้าหลัก

Brief Record : Get Marc (ISO 2709) : E-mail record : QR code < ปิดหน้าต่าง
LEADER : 00000nam 2200000uu 4500
001    13399112318
003     ULIB
008    110627s2554||||th 000 0 tha d
020    9786160602858
090    นว.^bอ524ส 2554
100 0  อัญชรีย์
245 00 สูตรร้ายหมายใจเธอ/^cอัญชรีย์
250    พิมพ์ครั้งที่ 3
260    กรุงเทพฯ :^bแจ่มใส,^c2554
300    212 หน้า
710 1  แจ่มใส
945    ^p149^l0^i030404
995    ทศพร
999 ^a ใช้งานได้ทุกระบบ
รายการนี้ยังไม่มีแท็ก
คุณยังไม่ได้ล็อกอิน คุณสามารถมีกิจกรรมร่วมกับเว็บไซต์ได้ แต่ต้องล็อกอินก่อน ::
  ล็อกอิน

รายการสื่อสารสนเทศ

ลำดับที่ ประเภท เลขเรียก/บาร์โค้ด สถานที่ สถานะ
- ไม่พบข้อมูล -

รายการใกล้เคียง
    ผู้แต่ง [อัญชรีย์]

BibComment


ยังไม่เคยถูกคอมเมนท์

คอมเมนท์ทรัพยากรรายการนี้
  คอมเมนท์: สูตรร้ายหมายใจเธอ..


 Copyright 2026. Bcnsprnw @Library